| 000 | 006160000a22001930004500 | ||
|---|---|---|---|
| 003 | LK-CoMWRAF | ||
| 005 | 20231027110431.0 | ||
| 008 | 230817t1991 ||||| |||| 00| 0 eng d | ||
| 020 | _a0743409388 | ||
| 040 |
_aLK-CoMWRAF _dLK-CoMWRAF _eLK-CoMWRAF |
||
| 041 | _aeng | ||
| 082 |
_a158.1 _bROB |
||
| 100 | _aRobbinson, Anthony | ||
| 245 |
_aAwaken the giant within : _bhow to take immediate control of your mental, emotional, physical and financial destiny |
||
| 260 |
_aLondon: _bPocket Books, _c2001 |
||
| 300 |
_a538 p. : ill. ; 24 cm. _bIndex included |
||
| 650 | _aSELF-ACTUALIZATION (PSYCHOLOGY) | ||
| 942 | _cBK | ||
| 999 |
_c759 _d759 |
||